000 00327nam a22001337a 4500
008 171013b xxu||||| |||| 00| 0 eng d
020 _a9780312023607
041 _aeng
080 _23RD
_a316
100 _a51
101 _aSOC
245 _aTHE SOCIOLOGY OF HEALTH & ILLNES CRITICAL PERSPECTIVES
_cCONRAD,P
942 _2udc
_cBK
999 _c33826
_d33826